| 000 | 01305nam a22002657a 4500 | ||
|---|---|---|---|
| 005 | 20080616115656.0 | ||
| 008 | 080616t xxu||||| |||| 00| f hin d | ||
| 010 | _aHIN-83833 | ||
| 020 |
_c250.00 _a9788126714070 |
||
| 035 | _aHN-56179 | ||
| 037 | _bDBAD / PUB | ||
| 040 |
_aDPL _bHN |
||
| 082 | _aउ | ||
| 100 | _aत्रिपाठी, सूर्यकान्त ' निराला' | ||
| 245 |
_aप्रभावती / _cसूर्यकान्त त्रिपाठी 'निराला' |
||
| 246 |
_aPrabhavati _bby Suryakant Tripathi ' Nirala' |
||
| 250 | _a4था संस्क | ||
| 260 |
_aनई दिल्ली _bराजकमल प्रकाशन _c2007 |
||
| 270 |
_a1-बी, नेताजी सुभाष मार्ग _bनई दिल्ली _e110002 _minfo@rajkamalprakashan.com |
||
| 300 |
_a192पृ _c22सेमी(सजिल्द) _bसचित्र |
||
| 650 | _aहिन्दी उपन्यास | ||
| 650 | _aHindi Novels | ||
| 942 |
_cHN _2ddc _hउ _m त्रिपाठी |
||
| 999 |
_c14437 _d14437 |
||